000 00347nam a22001577a 4500
003 SGT
020 _a9781260468014
082 _a618.1
_bW20H
100 _aHOFFMAN, BARBARA L.
245 _aWILLIAMS GYNECOLOGY
250 _a4TH
260 _aNEW YORK
_bMC GROW HILL PUB
_c2020
300 _a1295
650 _aOBST. & GYNE
942 _2ddc
_cBK
999 _c30663
_d30663